Statistiche per Riconosci la Squadra di calcio - Quiz n°321

Clicka qui per fare il quiz!

Statistiche generali

  • Questo quiz è stato fatto 3 volte
  • Il punteggio medio è 6 su 9

Statistiche sulle risposte

IndizioRisposta% Corretto
Titoli nazionali6 Eredivisie
100%
Colori socialiBianco, rosso
100%
Divisione nazionale 2023-2024Prima
100%
Trofei internazionali0
67%
Trofei nazionali3 Coppe dei Paesi Bassi
67%
ConfederazioneUEFA
67%
Capienza Stadio11 026 posti
33%
Fondazione1888
33%
SquadraSparta Rotterdam
33%

Distribuzione punteggi

Percentile per numero di risposta

Percentuale di utenti per punteggio

I tuoi punteggi nel tempo

Non hai fatto questo quiz